Statistics for Relevante busser 2023 (dekknavn)

Click here to take the quiz!

General Stats

  • This quiz has been taken 218 times
  • The average score is 10 of 14

Answer Stats

HintAnswer% Correct
Blindern ABabelaid
94%
Stabekk ACharabanc
92%
Eikeli ABar
90%
Nesbru AJagger
88%
Ohg ADobermenn
86%
Blindern BMizaru
79%
Ohg BTeten
77%
Ullern ABombora
74%
Nesbru BFatso
72%
Stabekk BBarra Brava
67%
Eikeli BTempo
59%
Nb BSabana
52%
Ullern BHeftye
46%
Nb AChampagnes League
43%

Score Distribution

Percentile by Number Answered

Percent of People with Each Score

Your Score History

You have not taken this quiz